Ćwierćfinalistki żeńskiej siatkówki na Igrzyskach Olimpijskich 2024 - Statystyki

Ogólne statystyki
  • Ten quiz został rozwiązany 113 razy
  • Średni wynik to 6 z 8
Statystyki odpowiedzi
Ćwierćfinalistki % Poprawnych
Polska
100%
USA
96%
Brazylia
95%
Włochy
91%
Turcja
81%
Chiny
77%
Serbia
55%
Dominikana
43%
Nie znaleziono quizów pasujących do podanych kryteriów
Rozkład punktacji
Procent ludzi z każdym wynikiem
Percentyl według liczby udzielonych odpowiedzi
Twoja historia wyników
Nie rozwiązałeś tego quizu